Normal view
MARC view
Entry Geographic Name
Number of records used in: 131
001 - CONTROL NUMBER
- control field: 14520
003 - CONTROL NUMBER IDENTIFIER
- control field: BD-RjUL
005 - DATE AND TIME OF LATEST TRANSACTION
- control field: 20241202165924.0
008 - FIXED-LENGTH DATA ELEMENTS
- fixed length control field: 241202|| aca||aabn | a|a d
040 ## - CATALOGING SOURCE
- Original cataloging agency: BD-RjUL
- Transcribing agency: BD-RjUL
151 ## - HEADING--GEOGRAPHIC NAME
- Geographic name: Bangladesh
- General subdivision: Census, 2024
670 ## - SOURCE DATA FOUND
- Source citation: Work cat.: (BD-RjUL)84405: Bangladesh Bureau of Statistics. 179266, জনশুমারি ও গৃহগণনা ২০২২ = Population and Housing Census 2022 :, 2024